000 00516cam a2200145 4500
001 J119374
008 020816n1901 000 0 eng u
035 _a(Sirsi) u119374
050 _a348.41047
110 _aIncoporated Council of Law Reporting for England and Wales
245 4 _aThe law reports under the superintendence of the Incorporated Council of Law Reporting for England and Wales. Ten years' digest 1891 to 1900...
260 _aLondon
_bICLR
_c1901
300 _acccclxvii,2394p.
_c24cm.
942 _n0
999 _c102299
_d102299